| 000 -LEADER |
| fixed length control field |
00980nam a2200229 a 4500 |
| 001 - CONTROL NUMBER |
| control field |
11281 |
| 003 - CONTROL NUMBER IDENTIFIER |
| control field |
BD-DhUAP |
| 005 - DATE AND TIME OF LATEST TRANSACTION |
| control field |
20201228155413.0 |
| 008 - FIXED-LENGTH DATA ELEMENTS--GENERAL INFORMATION |
| fixed length control field |
201228s2008 bg ab b 001 0 eng d |
| 020 ## - INTERNATIONAL STANDARD BOOK NUMBER |
| International Standard Book Number |
9843000025625 |
| 040 ## - CATALOGING SOURCE |
| Original cataloging agency |
DLC |
| Transcribing agency |
DLC |
| Modifying agency |
BD-DhUAP |
| Language of cataloging |
eng |
| 082 ## - DEWEY DECIMAL CLASSIFICATION NUMBER |
| Classification number |
330.95492 COM |
| Edition number |
23 |
| 245 00 - TITLE STATEMENT |
| Title |
Commercial history of Dhaka / |
| Statement of responsibility, etc. |
edited by Delwar Hassan. |
| 260 ## - PUBLICATION, DISTRIBUTION, ETC. |
| Place of publication, distribution, etc. |
Dhaka : |
| Name of publisher, distributor, etc. |
Dhaka Chamber of Commerce and Industry, |
| Date of publication, distribution, etc. |
c2008. |
| 300 ## - PHYSICAL DESCRIPTION |
| Extent |
xi, 664 pages : |
| Other physical details |
illustrations ; |
| Dimensions |
26 cm. |
| 504 ## - BIBLIOGRAPHY, ETC. NOTE |
| Bibliography, etc. note |
Includes bibliographical references and index. |
| 520 ## - SUMMARY, ETC. |
| Summary, etc. |
Published on the occasion of the golden jubilee celebrations of Dacca Chamber of Commerc & Industry; contributed articles; covers the period, 17th to 20th century; publication is supported by IFC Bangladesh Investment Climate Fund. |
| 651 #0 - SUBJECT ADDED ENTRY--GEOGRAPHIC NAME |
| Geographic name |
Dhaka (Bangladesh) |
| General subdivision |
Commerce |
| -- |
History. |
| 9 (RLIN) |
26346 |
| 651 #0 - SUBJECT ADDED ENTRY--GEOGRAPHIC NAME |
| Geographic name |
Dhaka (Bangladesh) |
| General subdivision |
Economic conditions. |
| 9 (RLIN) |
26347 |
| 700 1# - ADDED ENTRY--PERSONAL NAME |
| Personal name |
Hassan, Delwar. |
| 9 (RLIN) |
26348 |
| 942 ## - ADDED ENTRY ELEMENTS (KOHA) |
| Source of classification or shelving scheme |
|
| Koha item type |
Book |